Skúmanie a optimalizácia spracovania kaučukových zmesí sledovaním reologických a elektrických parametrov

Enregistré dans:
Détails bibliographiques
Auteur principal: Bošák, Ondrej (Auteur)
Autres auteurs: (Directeur de thèse)
Format: Manuscrit Livre
Langue:slovaque
Publié: 2021
Sujets:
Accès en ligne:http://is.stuba.sk/zp/portal_zp.pl?podrobnosti_zp=82456
Tags: Ajouter un tag
Pas de tags, Soyez le premier à ajouter un tag!

MARC

LEADER 00000ntm a22000003a 4500
001 stuzp82456
003 SK-STU
005 20210406124524.9
007 ta
008 150427s2015----xo-----f-mn---000-0-slo-d
035 |a biblio/249121  |2 CREPC2 
040 |a STU  |b slo 
041 0 |a slo 
044 |a xo 
100 1 |a Bošák, Ondrej  |u 061000  |k Z1  |4 aut  |9 100  |U MTF Materiálovotechnologická fakulta  |T MTF Ústav materiálov  |X 1546  |U M1000  |Y 81  |7 A000001546 
242 0 1 |a Investigation and optimization of rubber blends processing using by monitoring of rheological and electrical parameters  |y eng 
245 1 0 |a Skúmanie a optimalizácia spracovania kaučukových zmesí sledovaním reologických a elektrických parametrov 
260 |c 2021 
300 |a 103 s. 
650 4 |a vulcanization  |2 slo 
650 4 |a kaučuková zmes  |2 slo 
650 4 |a elektrická konduktivita  |2 slo 
650 4 |a electrical conductivity  |2 eng 
650 4 |a vulcanization  |2 eng 
650 4 |a rubber blend  |2 eng 
700 1 |a ,  |4 ths  |X null  |7 null 
856 4 |u http://is.stuba.sk/zp/portal_zp.pl?podrobnosti_zp=82456 
996 |c M* HP-140  |l MMSKP  |s P  |a 0  |w stuzp82456_0001